| 000 | 01738nam a2200337 i 4500 | ||
|---|---|---|---|
| 003 | CSPC | ||
| 005 | 20250718141053.0 | ||
| 008 | 250206s2018 ph b 000 0 eng d | ||
| 020 | _a9786128122116 | ||
| 040 |
_aCSPC _beng _cCSPC _erda |
||
| 050 | 0 | 4 | _aQ175.5 |
| 082 | 0 | 4 |
_a303.483 _bD733s |
| 100 | 1 |
_aDoria, Benjamin D., _eauthor. |
|
| 245 | 1 | 0 |
_aScience, technology and society / _cBenjamin D. Doria, Charlie P. Nacario, and Maribeth F. Solis. |
| 264 | 1 |
_aMalabon City : _bJimczyville Publications, _c2018. |
|
| 300 |
_avi, 172 pages ; _c23 cm. |
||
| 336 |
_2rdacontent _atext |
||
| 337 |
_2rdamedia _aunmediated |
||
| 338 |
_2rdacarrier _avolume |
||
| 504 | _aIncludes bibliographical references. | ||
| 505 | 0 | _aIntroduction -- History -- Transformation of society by science and technology -- Science and technology and nation-building -- The human person flourishing in terms of science and technology -- The good life -- When technology and humanity cross -- Why the future does not need us -- Information age -- Biodiversity and the healthy society -- The nano world -- Gene therapy -- Mandated topics. | |
| 650 | 4 |
_aScience _xSocial aspects. |
|
| 650 | 4 |
_aTechnology _xSocial aspects. |
|
| 650 | 4 | _aScience and civilization. | |
| 650 | 4 | _aTechnology and civilization. | |
| 650 | 4 | _aTechnology and society. | |
| 700 | 1 |
_aNacario, Charlie P., _eauthor. |
|
| 700 | 1 |
_aSolis, Maribeth F., _eauthor. |
|
| 942 |
_2ddc _n0 _cBK _h303.483 _iD733s _kFIL _m2018 |
||
| 999 |
_c28735 _d28735 |
||